The mafia incident
| Main Author: | |
|---|---|
| Format: | Book |
| Published: |
London :
Piccadilly Press ,
1999
|
| Subjects: |
MARC
| LEADER | 00000cam a2200000 7i4500 | ||
|---|---|---|---|
| 001 | 0000065721 | ||
| 005 | 20030423.0 | ||
| 020 | |a 1853406651 | ||
| 090 | 0 | 0 | |a JF |b DIC |
| 100 | 1 | |a Dicks, Terrance | |
| 245 | 1 | 4 | |a The mafia incident |c Terrance Dicks |
| 260 | |a London : |b Piccadilly Press , |c 1999 | ||
| 300 | |a 96p. ; |c 19cm. | ||
| 650 | 0 | 0 | |a Children's stories |
| 999 | |a 00151983 |b BUKU |c PINJAMAN |e PERPUSTAKAAN KOMUNITI PETALING JAYA | ||